Návrh adaptačného programu novoprijatých zamestnancov v spoločnosti Slovenský plynárenský priemysel, a.s. = Proposal of Adaptation Program for newcomers in Slovenský plynárenský priemysel, a.s. company : Diplomová práca

Saved in:
Bibliographic Details
Main Author: Krútelová, Daniela (Author)
Other Authors: Šimončičová, Edita (xxx)
Format: Manuscript Book
Language:Slovak
Published: Trnava : STU v Bratislave MTF UPMK, 2008
Subjects:
Tags: Add Tag
No Tags, Be the first to tag this record!

MARC

LEADER 00000ntm a22000003a 4500
001 stu167006
005 20160719155827.7
008 080721s2008----xo------------------slo-d
040 |a STU  |b slo 
041 0 |a slo 
044 |a xo 
100 1 |a Krútelová, Daniela  |4 aut 
245 1 |a Návrh adaptačného programu novoprijatých zamestnancov v spoločnosti Slovenský plynárenský priemysel, a.s. = Proposal of Adaptation Program for newcomers in Slovenský plynárenský priemysel, a.s. company :  |b Diplomová práca 
260 |a Trnava :  |b STU v Bratislave MTF UPMK,  |c 2008 
300 |a 76 s  |c príl (1 CD-ROM) 
500 |a Študijný program: priemyselné manažérstvo 
500 |a Študijný odbor: 5.2.52 priemyselné inžinierstvo 
650 7 |a personalistika  |2 stusub 
650 7 |a adaptačné programy  |2 stusub 
700 1 |a Šimončičová, Edita  |4 xxx 
996 |b 284M068075  |c M*DP-7374  |l MMSKP  |s P  |a 0  |w stu167006_0001